India's potential economic growth: measurement issues and policy implications (Record no. 73755)

000 -LEADER
fixed length control field 01291pab a2200193 454500
008 - FIXED-LENGTH DATA ELEMENTS--GENERAL INFORMATION
fixed length control field 180718b2007 xxu||||| |||| 00| 0 eng d
100 ## - MAIN ENTRY--PERSONAL NAME
Personal name Ranjan, Rajiv,
245 ## - TITLE STATEMENT
Title India's potential economic growth: measurement issues and policy implications
260 ## - PUBLICATION, DISTRIBUTION, ETC.
Date of publication, distribution, etc. 2007
300 ## - PHYSICAL DESCRIPTION
Extent p.1563-572.
362 ## - DATES OF PUBLICATION AND/OR SEQUENTIAL DESIGNATION
Dates of publication and/or sequential designation 28 Apr
520 ## - SUMMARY, ETC.
Summary, etc. This paper provides estimates of the potential growth rate for India by adopting alternative approaches of statistical trend filtering techniques and a production function. The Hodrick-Prescott filtering technique leads to estimated potential GDP growth of about 7 per cent. The warranted growth rate hovers around 8 per cent for the more recent period. The multivariate production function framework yields a potential growth of 6.6 per cent, which could be an underestimate given the data limitations. From the policy perspective, changes in policy instruments are linked to measures of output and the inflation gap within the framework of a policy reaction function. Empirical results showed that policy actions have significant association with output gap and inflation gap. - Reproduced.
650 ## - SUBJECT ADDED ENTRY--TOPICAL TERM
Topical term or geographic name entry element Economic growth
700 ## - ADDED ENTRY--PERSONAL NAME
Personal name Dhal, Sarat C.
700 ## - ADDED ENTRY--PERSONAL NAME
Personal name Jain, Rajeev
773 ## - HOST ITEM ENTRY
Main entry heading Economic and Political Weekly
908 ## - PUT COMMAND PARAMETER (RLIN)
Put command parameter N
909 ## -
-- 73755
Holdings
Withdrawn status Lost status Damaged status Not for loan Permanent Location Current Location Date acquired Serial Enumeration / chronology Barcode Date last seen Price effective from Koha item type
        Indian Institute of Public Administration Indian Institute of Public Administration 2018-07-19 Volume no: 42, Issue no: 17 AR74215 2018-07-19 2018-07-19 Articles

Powered by Koha